Most common letters in countries - Whammies - Statistics

General Stats
  • This quiz has been taken 441 times
  • The average score is 8 of 10
Answer Stats
% # Letter % Correct
16,8% 275 A
100%
7,6% 125 E
98%
9,8% 160 I
96%
5,1% 84 S
91%
5,8% 95 O
89%
8,8% 146 N
82%
5,2% 85 T
77%
4,4% 73 U
77%
6,2% 102 R
71%
4,2% 69 L
58%
No matching quizzes found
Score Distribution
Percent of People with Each Score
Percentile by Number Answered
Your Score History
You have not taken this quiz